[Event "X Abierto Constitucion "]
[Site "San Sebastian de los Reyes "]
[Date "2008.12.05"]
[Round "6.6"]
[White "Sanchez Camacho, Antonio"]
[Black "Perez Cameselle, Francisco"]
[Result "1/2-1/2"]
[WhiteElo "2205"]
[BlackElo "2010"]
[PlyCount "168"]
[EventDate "2008.11.30"]

1. c4 Nf6 2. Nf3 g6 3. g3 Bg7 4. Bg2 O-O 5. O-O d6 6. Nc3 Nbd7 7. d3 e5 8. Rb1
a5 9. a3 c6 10. b4 axb4 11. axb4 Qe7 12. Nd2 Nb6 13. b5 c5 14. Bb2 Be6 15. Qb3
Qd7 16. Ra1 Bh3 17. Rxa8 Rxa8 18. Ra1 Rxa1+ 19. Bxa1 Bxg2 20. Kxg2 h5 21. Nf3
Qe7 22. e4 Nh7 23. Qa2 Nf8 24. Qa5 Qc7 25. Na4 Nfd7 26. Bc3 Bf6 27. Nxb6 Qxb6
28. Qa8+ Bd8 29. Nd2 Qc7 30. Nb3 Qb8 31. Qa1 b6 32. Qa6 Nf8 33. Nd2 Ne6 34. Nf3
Nc7 35. Qa1 f6 36. h3 Qa8 37. Qc1 Kh7 38. Kh2 Qa2 39. Qd2 Qxd2 40. Nxd2 Ne6 41.
Nb1 f5 42. f3 fxe4 43. fxe4 Bg5 44. Kg2 Kg7 45. Be1 h4 46. Nc3 hxg3 47. Bxg3
Kf7 48. Nd5 Bd8 49. Bf2 Kg7 50. h4 Kh6 51. Be3+ Kh5 52. Kh3 Nf8 53. Bg5 Bxg5
54. hxg5 Kxg5 55. Nxb6 Kf6 56. Nd5+ Kf7 57. Kg4 Ne6 58. b6 Nd8 59. Nc7 Ke7 60.
Kg5 Kf7 61. Nb5 Nb7 62. Na7 Kg7 63. Nc6 Kf7 64. Nb8 Kg7 65. Nd7 Kf7 66. Nf6 Kg7
67. Ne8+ Kf7 68. Nc7 Kg7 69. Kg4 Kf6 70. Kh4 Kf7 71. Nd5 Kg7 72. Kg4 Kf7 73.
Nc7 Nd8 74. Nd5 Nb7 75. Kg5 Nd8 76. Nc7 Nb7 77. Nd5 Nd8 78. Ne3 Kg7 79. Ng2
Ne6+ 80. Kg4 Nd8 81. Nh4 Kf6 82. Ng2 Kg7 83. Ne3 Nb7 84. Nd5 Kf7 1/2-1/2

[Event "X Abierto Constitucion "]
[Site "San Sebastian de los Reyes "]
[Date "2008.12.05"]
[Round "6.7"]
[White "Rodrigo Yanguas, Maria"]
[Black "Castejon Caballero, Andres"]
[Result "0-1"]
[WhiteElo "2037"]
[BlackElo "2003"]
[PlyCount "74"]
[EventDate "2008.11.30"]

1. e4 e5 2. Nf3 Qe7 3. Bc4 h6 4. Nc3 c6 5. d3 d6 6. Be3 Bg4 7. d4 Nf6 8. Qd2
Nbd7 9. d5 c5 10. Nh4 Nxe4 11. Nxe4 Qxh4 12. Ng3 Nb6 13. Bd3 Bd7 14. f4 exf4
15. Bxf4 O-O-O 16. c4 Re8+ 17. Kf2 g5 18. Be3 f5 19. Kg1 f4 20. Qc3 Rg8 21. Nf5
Bxf5 22. Bxf5+ Kc7 23. Bf2 Qh5 24. Be6 Bg7 25. Qb3 Rgf8 26. a4 a5 27. Bxc5 dxc5
28. d6+ Kb8 29. Qxb6 Bd4+ 30. Kf1 Rf7 31. Re1 f3 32. g3 Qg6 33. Bf5 Rxe1+ 34.
Kxe1 Qxf5 35. Qd8+ Qc8 36. Qxa5 f2+ 37. Kf1 Qh3+ 0-1

[Event "X Abierto Constitucion "]
[Site "San Sebastian de los Reyes "]
[Date "2008.12.05"]
[Round "6.9"]
[White "Camarero Izquierdo, Juan Carlos"]
[Black "Elissalt Cardenas, Hector"]
[Result "0-1"]
[WhiteElo "1939"]
[BlackElo "2314"]
[PlyCount "72"]
[EventDate "2008.11.30"]

1. e4 c5 2. Nf3 e6 3. d4 cxd4 4. Nxd4 a6 5. Bd3 Bc5 6. Nf3 Nc6 7. O-O Qc7 8.
Nc3 Nf6 9. Bg5 Ng4 10. Bh4 Bd6 11. Bg3 Bxg3 12. hxg3 h5 13. Qd2 f6 14. Rfe1 Kf7
15. a3 b5 16. e5 Ncxe5 17. Nxe5+ Nxe5 18. Qf4 Bb7 19. Re2 g5 20. Qd2 h4 21.
gxh4 Ng4 22. g3 Rxh4 23. Be4 Rh6 24. Bxb7 Qxb7 25. Ne4 Qc6 26. f3 Ne5 27. Qe3
Rah8 28. Nf2 Nxf3+ 29. Kf1 Rh1+ 30. Nxh1 Rxh1+ 31. Kf2 Rxa1 32. Qd3 Rh1 33. Re4
f5 34. Re3 Rh2+ 35. Kf1 Nd2+ 36. Qxd2 Qh1# 0-1

[Event "X Abierto Constitucion "]
[Site "San Sebastian de los Reyes "]
[Date "2008.12.05"]
[Round "6.10"]
[White "Minguela Muñoz, Bienvenido"]
[Black "Ramirez Garcia, Jorge Alberto"]
[Result "1/2-1/2"]
[WhiteElo "1926"]
[BlackElo "2238"]
[PlyCount "95"]
[EventDate "2008.11.30"]

1. d4 f5 2. c4 Nf6 3. Nf3 d6 4. Nc3 Nbd7 5. e3 g6 6. Bd3 e5 7. e4 fxe4 8. Nxe4
Bg7 9. Neg5 Qe7 10. O-O O-O 11. dxe5 Nxe5 12. Nxe5 dxe5 13. Ne4 Nh5 14. Be3 b6
15. c5 Nf4 16. Bc4+ Kh8 17. Qb3 Bb7 18. f3 Rae8 19. Rad1 Rd8 20. Rxd8 Qxd8 21.
Rd1 Qh4 22. Bf2 Qe7 23. cxb6 cxb6 24. Qb5 Bxe4 25. fxe4 Qg5 26. Bg3 Nh5 27. Qb3
Bh6 28. Bf2 Qg4 29. Re1 Bd2 30. Rd1 Nf4 31. Bg3 Be3+ 32. Kh1 Bd4 33. Rf1 g5 34.
Qb4 Bc5 35. Qd2 Kg7 36. Bxf4 Rxf4 37. Rxf4 gxf4 38. Qd8 Kh6 39. Qd3 Qh4 40. Qe2
Kg5 41. Qd2 Kh6 42. g3 Qg5 43. Qd7 f3 44. Qe6+ Kh5 45. Qe8+ Kh6 46. Qe6+ Kg7
47. Qg8+ Kh6 48. Qe6+ 1/2-1/2

[Event "X Abierto Constitucion "]
[Site "San Sebastian de los Reyes "]
[Date "2008.12.05"]
[Round "6.11"]
[White "Pareja Alvarez, Diego"]
[Black "Anton Veiga, Juan Carlos"]
[Result "1/2-1/2"]
[WhiteElo "1866"]
[BlackElo "2144"]
[PlyCount "56"]
[EventDate "2008.11.30"]

1. e4 c6 2. d4 d5 3. Nc3 dxe4 4. Nxe4 Nf6 5. Nxf6+ gxf6 6. Bf4 Bf5 7. Nf3 e6 8.
Bd3 Nd7 9. c3 Bg6 10. O-O Bg7 11. Re1 Nb6 12. c4 O-O 13. Rc1 Qd7 14. Bxg6 hxg6
15. h4 Rad8 16. Qc2 Rfe8 17. b3 Nc8 18. Rcd1 Ne7 19. Kh1 Kh7 20. Rd2 Rh8 21.
Red1 Kg8 22. Kg1 Rc8 23. g3 Bh6 24. Qe4 Bxf4 25. Qxf4 Kg7 26. g4 Qc7 27. Qxc7
Rxc7 28. Kg2 Rcc8 1/2-1/2

[Event "X Abierto Constitucion "]
[Site "San Sebastian de los Reyes "]
[Date "2008.12.05"]
[Round "6.12"]
[White "Suarez Uriel, Adrian"]
[Black "Gomez Fernandez, Jesus"]
[Result "1-0"]
[WhiteElo "2123"]
[BlackElo "1820"]
[PlyCount "131"]
[EventDate "2008.11.30"]

1. e4 g6 2. d4 Bg7 3. c4 d6 4. Nc3 Nf6 5. f3 O-O 6. Be3 Nbd7 7. Qd2 e5 8. d5
Ne8 9. h4 f5 10. exf5 gxf5 11. Bg5 Ndf6 12. h5 Rf7 13. Bd3 Qe7 14. O-O-O f4 15.
h6 Bf8 16. Nge2 Kh8 17. g3 fxg3 18. Nxg3 c5 19. f4 exf4 20. Nh5 Qe3 21. Nxf4
Qxd2+ 22. Rxd2 Ng4 23. Rg2 Nef6 24. Ne6 Ne5 25. Be2 Bd7 26. Rf2 Ng8 27. Rxf7
Nxf7 28. Ne4 Nxg5 29. N4xg5 Bxh6 30. Kc2 Bxg5 31. Nxg5 Bf5+ 32. Bd3 Bxd3+ 33.
Kxd3 Nf6 {(=)} 34. Nf7+ Kg7 35. Nxd6 b6 36. Rg1+ Kf8 37. Rf1 Ke7 38. Nf5+ Kd7
39. Rg1 Rg8 40. Re1 Re8 {(=)} 41. Rf1 Ng4 42. b3 Ne5+ 43. Kc3 Rf8 44. Ne3 Rxf1
45. Nxf1 h5 46. Kd2 Ke7 47. Ng3 Nf3+ 48. Ke3 Nd4 49. Nxh5 Nc2+ 50. Kd2 Nd4 51.
Kd3 Kd6 52. Ng3 a6 53. b4 Ke5 54. bxc5 bxc5 55. Ne4 Nf5 56. Nxc5 a5 57. a4 Nd6
58. Nd7+ Kf5 59. c5 Nb7 60. c6 Nd6 61. Kd4 Kf4 62. Kc5 Ne4+ 63. Kd4 Nd6 64. c7
Nc8 65. Kc5 Ke4 66. Nb6 1-0

[Event "X Abierto Constitucion "]
[Site "San Sebastian de los Reyes "]
[Date "2008.12.05"]
[Round "6.13"]
[White "Cavalle Pulla, Daniel"]
[Black "Ramos Aldoradin, John Paul"]
[Result "0-1"]
[WhiteElo "1765"]
[BlackElo "2102"]
[PlyCount "126"]
[EventDate "2008.11.30"]

1. e4 e6 2. d4 d5 3. Nc3 Nf6 4. Bg5 dxe4 5. Nxe4 Be7 6. Bxf6 gxf6 7. Nf3 f5 8.
Nc3 a6 9. Be2 Nd7 10. Qd2 Nf6 11. O-O-O b5 12. Ne5 Bb7 13. Qh6 Ng4 14. Qg7 Bg5+
15. Kb1 Qf6 16. Qxf6 Nxf6 17. Rhg1 Rd8 18. g3 Nd7 19. f4 Nxe5 20. dxe5 Rxd1+
21. Rxd1 Be7 22. Rd3 b4 23. Nd1 Bc5 24. Bf3 Bxf3 25. Rxf3 Ke7 26. h3 h5 27. c3
a5 28. Kc2 h4 29. Ne3 hxg3 30. Rxg3 bxc3 31. bxc3 Bxe3 32. Rxe3 Kd7 33. Kb3 Kc6
34. Kc4 a4 35. Kb4 a3 36. Kxa3 Kc5 37. Kb3 Rb8+ 38. Kc2 Ra8 39. Re2 Kc4 40. h4
Rxa2+ 41. Kd1 Ra1+ 42. Kd2 Rh1 43. Re3 Rxh4 44. Rf3 Rh2+ 45. Kd1 Kd5 46. Rd3+
Ke4 47. Rd7 Kxf4 48. Rxf7 Kxe5 49. Rxc7 Kf4 50. c4 e5 51. c5 Ke4 52. c6 Rh6 53.
Rc8 f4 54. c7 Rc6 55. Ke2 Rc5 56. Kf2 Rc2+ 57. Kg1 Kf3 58. Re8 Rc1+ 59. Kh2
Rxc7 60. Rxe5 Kf2 61. Kh3 f3 62. Ra5 Rh7+ 63. Kg4 Kg2 0-1

[Event "X Abierto Constitucion "]
[Site "San Sebastian de los Reyes "]
[Date "2008.12.05"]
[Round "6.14"]
[White "Castejon Caballero, Natalia"]
[Black "Rial Rodriguez, Javier"]
[Result "1-0"]
[WhiteElo "2084"]
[BlackElo "1716"]
[PlyCount "37"]
[EventDate "2008.11.30"]

1. e4 d5 2. exd5 Nf6 3. d4 Nxd5 4. c4 Nf6 5. Nf3 Bf5 6. Be2 e6 7. O-O c5 8. Nc3
cxd4 9. Nxd4 Bg6 10. Bf3 Qc7 11. Qb3 Nbd7 12. Bxb7 Qc5 13. Bxa8 Qxd4 14. Be3
Qe5 15. Nb5 Ng4 16. g3 Nc5 17. Bc6+ Nd7 18. Bxd7+ Kxd7 19. Qd1+ 1-0

[Event "X Abierto Constitucion "]
[Site "San Sebastian de los Reyes "]
[Date "2008.12.05"]
[Round "6.16"]
[White "Vukotic Jovsic, Dragan"]
[Black "Perez Alvarez, Javier"]
[Result "1-0"]
[WhiteElo "2066"]
[BlackElo "1737"]
[PlyCount "23"]
[EventDate "2008.11.30"]

1. d4 d5 2. e3 Nf6 3. Bd3 e6 4. f4 c5 5. c3 b6 6. Nf3 Ba6 7. Bxa6 Nxa6 8. Qa4+
Qd7 9. Qxa6 Qc6 10. Ne5 Qc7 11. Na3 cxd4 12. Nb5 1-0

[Event "X Abierto Constitucion "]
[Site "San Sebastian de los Reyes "]
[Date "2008.12.05"]
[Round "6.17"]
[White "Esquivias Gomez, Fco. Javier"]
[Black "Sierra Soria, Maria"]
[Result "1-0"]
[WhiteElo "2048"]
[BlackElo "1718"]
[PlyCount "71"]
[EventDate "2008.11.30"]

1. e4 e5 2. d4 exd4 3. Nf3 d6 4. Nxd4 Nf6 5. Nc3 Be7 6. Bc4 Nbd7 7. Nf5 O-O 8.
O-O Nc5 9. Nxe7+ Qxe7 10. Nd5 Nxd5 11. exd5 Qf6 12. c3 a6 13. Be3 Nd7 14. Bd4
Qf5 15. Re1 Ne5 16. Bb3 f6 17. Re3 Qg6 18. f4 Bg4 19. Qf1 Nd7 20. h3 Bf5 21. g4
Rae8 22. Re6 h5 23. g5 Kh8 24. h4 c5 25. dxc6 Bxe6 26. Bxe6 Rxe6 27. f5 Qf7 28.
fxe6 Qxe6 29. cxd7 Qxd7 30. Re1 Qg4+ 31. Qg2 Qxh4 32. Re7 Qf4 33. gxf6 Qc1+ 34.
Kh2 Qf4+ 35. Kh1 Qc1+ 36. Bg1 1-0

[Event "X Abierto Constitucion "]
[Site "San Sebastian de los Reyes "]
[Date "2008.12.05"]
[Round "6.19"]
[White "Cerrato Torrijos, Maria"]
[Black "Serrano Nuñez, Dario"]
[Result "1/2-1/2"]
[WhiteElo "1880"]
[BlackElo "2012"]
[PlyCount "44"]
[EventDate "2008.11.30"]

1. e4 e6 2. d4 d5 3. Nc3 dxe4 4. Nxe4 Nd7 5. Nf3 Ngf6 6. Nxf6+ Nxf6 7. Bd3 Be7
8. O-O O-O 9. Bg5 Nd5 10. Bxe7 Qxe7 11. Re1 Rd8 12. c3 Nf6 13. Ne5 c5 14. dxc5
Bd7 15. Qf3 Qxc5 16. Qxb7 Rab8 17. Nxd7 Nxd7 18. Qe4 Rxb2 19. Qxh7+ Kf8 20. Qh4
Nf6 21. Rad1 Qxc3 22. Bb1 Rbd2 1/2-1/2

[Event "X Abierto Constitucion "]
[Site "San Sebastian de los Reyes "]
[Date "2008.12.05"]
[Round "6.26"]
[White "Fernandez Gil, Ruben Carlos"]
[Black "Sierra Bermejo, Gregorio"]
[Result "1/2-1/2"]
[WhiteElo "1574"]
[BlackElo "1792"]
[PlyCount "108"]
[EventDate "2008.11.30"]

1. e4 e5 2. Nf3 Nf6 3. Nxe5 d6 4. Nf3 Nxe4 5. Qe2 Qe7 6. d3 Nf6 7. Bg5 Nbd7 8.
Nc3 Qxe2+ 9. Bxe2 h6 10. Bxf6 Nxf6 11. Nb5 Nd5 12. c4 Bd7 13. Nxd6+ Bxd6 14.
cxd5 Bb4+ 15. Nd2 O-O 16. a3 Bd6 17. O-O Rfe8 18. Rfe1 Re5 19. Bf3 Rae8 20.
Rxe5 Bxe5 21. Nc4 Bd4 22. d6 c6 23. h3 b5 24. Na5 Bxb2 25. Rb1 Bxa3 26. Bxc6
Bxc6 27. Nxc6 Bxd6 28. Nxa7 b4 29. Nc6 Ra8 30. Nd4 Rc8 31. Nb5 Bf4 32. g3 Bd2
33. Rb2 Rc1+ 34. Kg2 Bc3 35. Nxc3 bxc3 36. Rb8+ Kh7 37. Rc8 c2 38. Kf3 Rd1 39.
Rxc2 Rxd3+ 40. Ke4 Rd6 41. Rc5 f6 42. Rd5 Re6+ 43. Kf4 Re1 44. f3 Rf1 45. Rd3
Kg6 46. h4 Re1 47. Rd5 Re7 48. g4 Kf7 49. h5 Ke8 50. Kf5 Kf7 51. f4 Rb7 52. g5
hxg5 53. fxg5 fxg5 54. Kxg5 Rb6 1/2-1/2

[Event "X Abierto Constitucion "]
[Site "San Sebastian de los Reyes "]
[Date "2008.12.05"]
[Round "6.27"]
[White "Alvarez Gonzalez, Eduardo"]
[Black "Takvor Mena, Samuel"]
[Result "1-0"]
[WhiteElo "1845"]
[BlackElo "1538"]
[PlyCount "47"]
[EventDate "2008.11.30"]

1. d4 d5 2. c4 e6 3. Nc3 c6 4. e3 Nf6 5. Nf3 Ne4 6. Qc2 f5 7. Bd3 Bd6 8. O-O
Qf6 9. cxd5 exd5 10. Nxd5 Qe6 11. Nc3 Nxc3 12. Qxc3 O-O 13. Bc4 Rf6 14. Bxe6+
Bxe6 15. Ng5 Bd5 16. f3 Rh6 17. Nh3 Na6 18. e4 Bb4 19. Qc2 Rh4 20. exd5 Rxd4
21. dxc6 Bc5 22. Be3 Nb4 23. Qxc5 Rh4 24. cxb7 1-0

[Event "X Abierto Constitucion "]
[Site "San Sebastian de los Reyes "]
[Date "2008.12.05"]
[Round "6.28"]
[White "Morona Minguez, Irene"]
[Black "Rial Rodriguez, Eduardo"]
[Result "1-0"]
[WhiteElo "1743"]
[BlackElo "1415"]
[PlyCount "87"]
[EventDate "2008.11.30"]

1. e4 e6 2. d3 d5 3. Nd2 c5 4. Ngf3 Nc6 5. g3 Nge7 6. Bg2 Ng6 7. O-O Be7 8. Re1
O-O 9. h4 h6 10. h5 Nge5 11. Nxe5 Nxe5 12. exd5 Bf6 13. dxe6 fxe6 14. Ne4 Be7
15. Be3 Qb6 16. Rb1 Qc7 17. Qe2 c4 18. d4 Nf7 19. Nc5 Rb8 20. Bf4 Bd6 21. Nxe6
Bxe6 22. Bxd6 Qxd6 23. Qxe6 Qxd4 24. Re4 Qd2 25. Qxc4 Kh8 26. Qe2 Qa5 27. a3
Qb6 28. Re6 Qc5 29. c3 Ng5 30. Re5 Qb6 31. Qe3 Qa6 32. Re7 b6 33. Qe5 Rg8 34.
Rxg7 Rxg7 35. Qxb8+ Rg8 36. Qe5+ Rg7 37. Rd1 Qc8 38. Qf6 Kh7 39. Rd6 Nf7 40.
Be4+ Kg8 41. Bd5 Qe8 42. Rd8 Qxd8 43. Qxd8+ Kh7 44. Be4+ 1-0

[Event "X Abierto Constitucion "]
[Site "San Sebastian de los Reyes "]
[Date "2008.12.05"]
[Round "6.31"]
[White "Aguado Rodriguez, Guillermo"]
[Black "Jimenez Vera, Ruben"]
[Result "1-0"]
[WhiteElo "1849"]
[BlackElo "1551"]
[PlyCount "43"]
[EventDate "2008.11.30"]

1. e4 c5 2. d4 cxd4 3. c3 Nf6 4. e5 Nd5 5. cxd4 e6 6. Nc3 Bb4 7. Bd2 Bxc3 8.
bxc3 Nc6 9. Ne2 f6 10. exf6 Qxf6 11. Ng3 O-O 12. f3 e5 13. Bc4 Nce7 14. Qb3 Qe6
15. O-O Kh8 16. Rae1 Qb6 17. Bxd5 Nxd5 18. Qxd5 exd4 19. Qxd4 Qb5 20. Re7 Rg8
21. Bh6 Qb6 22. Bxg7+ 1-0

[Event "X Abierto Constitucion "]
[Site "San Sebastian de los Reyes "]
[Date "2008.12.06"]
[Round "7.1"]
[White "Roa Alonso, Santiago"]
[Black "Candela Perez, Jose"]
[Result "1/2-1/2"]
[WhiteElo "2457"]
[BlackElo "2402"]
[PlyCount "46"]
[EventDate "2008.11.30"]

1. Nf3 d5 2. g3 c6 3. Bg2 Bf5 4. b3 e6 5. Bb2 Nf6 6. O-O Be7 7. c4 O-O 8. d3
Nbd7 9. Nbd2 h6 10. a3 Bh7 11. b4 a5 12. Qb3 axb4 13. axb4 Qb6 14. Bc3 Rfd8 15.
Qb2 Ne8 16. Ra2 Rxa2 17. Qxa2 Bf6 18. Bxf6 Nexf6 19. Bh3 Bg6 20. b5 cxb5 21.
Rb1 Qa6 22. Qxa6 bxa6 23. cxb5 axb5 1/2-1/2

[Event "X Abierto Constitucion "]
[Site "San Sebastian de los Reyes "]
[Date "2008.12.06"]
[Round "7.2"]
[White "Castejon Caballero, Andres"]
[Black "Almagro Llamas, Pablo"]
[Result "1/2-1/2"]
[WhiteElo "2003"]
[BlackElo "2476"]
[PlyCount "25"]
[EventDate "2008.11.30"]

1. e4 c6 2. d3 d5 3. Nd2 g6 4. d4 Bg7 5. c3 Nd7 6. Ngf3 c5 7. exd5 cxd4 8. c4
Nh6 9. Nb3 O-O 10. Be2 Nf5 11. Nbxd4 Nxd4 12. Nxd4 Nb6 13. Be3 1/2-1/2

[Event "X Abierto Constitucion "]
[Site "San Sebastian de los Reyes "]
[Date "2008.12.06"]
[Round "7.3"]
[White "Madurga Lopez, Ignacio"]
[Black "Barria Zuñiga, Daniel"]
[Result "0-1"]
[WhiteElo "1819"]
[BlackElo "2423"]
[PlyCount "110"]
[EventDate "2008.11.30"]

1. e4 g6 2. d4 Bg7 3. Nc3 c5 4. Be3 Qa5 5. Qd2 cxd4 6. Bxd4 Nf6 7. e5 Nd5 8. e6
f6 9. exd7+ Bxd7 10. Bc4 Nxc3 11. Qxc3 Nc6 12. Qxa5 Nxa5 13. Bd3 Kf7 14. Bc3 b6
15. f3 Rac8 16. Ne2 Nc4 17. Kf2 Bh6 18. Bxc4+ Rxc4 19. Rad1 Rc7 20. Nd4 Rhc8
21. g4 Bf4 22. Ne2 Bd6 23. Rd2 Ba4 24. Ng3 Bc5+ 25. Kg2 Be3 26. Re2 Bh6 27. Rd1
Bb5 28. Ree1 Rxc3 29. bxc3 Rxc3 30. Ne4 Rxc2+ 31. Kg3 f5 32. g5 Bg7 33. Nf2
Rxa2 34. Nd3 Ra3 35. Ne5+ Bxe5+ 36. Rxe5 Bc6 37. Rf1 Rc3 38. Ree1 Bd5 39. Ra1
a5 40. Rad1 Ke6 41. Rb1 Bb3 42. Rfc1 Rxc1 43. Rxc1 Kd6 44. Kf4 e5+ 45. Ke3 b5
46. Rc8 f4+ 47. Kd3 Bc4+ 48. Kd2 Bd5 49. Ke2 a4 50. Rh8 b4 51. Rxh7 b3 52. Kd2
a3 53. Kc3 b2 54. Kc2 Bxf3 55. Ra7 Be4+ 0-1

[Event "X Abierto Constitucion "]
[Site "San Sebastian de los Reyes "]
[Date "2008.12.06"]
[Round "7.4"]
[White "Taboas Rodriguez, Daniel"]
[Black "Lopez Del Alamo, Antonio"]
[Result "1/2-1/2"]
[WhiteElo "2349"]
[BlackElo "2311"]
[PlyCount "67"]
[EventDate "2008.11.30"]

1. d4 Nf6 2. Nf3 g6 3. c4 Bg7 4. Nc3 O-O 5. e4 d6 6. Be2 e5 7. dxe5 dxe5 8.
Qxd8 Rxd8 9. Bg5 Nbd7 10. O-O-O Rf8 11. Nd5 c6 12. Ne7+ Kh8 13. Be3 Re8 14.
Nxc8 Rexc8 15. g4 Rd8 16. Rd3 Nf8 17. Nxe5 Kg8 18. Rxd8 Rxd8 19. Bf3 Re8 20.
Nd3 Nxe4 21. Re1 Nd6 22. b3 Ne6 23. Bd1 Nd4 {(=)} 24. Bd2 Rxe1 25. Bxe1 Kf8 26.
h4 Ke7 27. Kd2 Bh6+ 28. g5 Bg7 29. Bg4 h5 30. Bd1 N6f5 31. f3 Ne6 32. Bc2 Ned4
33. Bd1 Ne6 34. Bc2 1/2-1/2

[Event "X Abierto Constitucion "]
[Site "San Sebastian de los Reyes "]
[Date "2008.12.06"]
[Round "7.5"]
[White "Adan Bermudez, Sergio"]
[Black "Sanchez Camacho, Antonio"]
[Result "0-1"]
[WhiteElo "2227"]
[BlackElo "2205"]
[PlyCount "72"]
[EventDate "2008.11.30"]

1. c4 e5 2. g3 Nf6 3. Bg2 c6 4. a3 d5 5. cxd5 cxd5 6. d4 e4 7. Nc3 Nc6 8. Nh3
h6 9. Bf4 Bd6 10. Bxd6 Qxd6 11. e3 O-O 12. O-O Bg4 13. Qc2 Rac8 14. Kh1 Na5 15.
Ng1 Qb6 16. Rfe1 Qb3 17. Rac1 Rc6 18. f3 Bf5 19. Qe2 Rfc8 20. Rcd1 Rb8 21. fxe4
Bxe4 22. Bxe4 dxe4 23. Rc1 Nc4 24. Nd1 Nd5 25. Nh3 Rbc8 26. Nf4 Ncb6 27. Rxc6
Rxc6 28. Nxd5 Nxd5 29. Qf1 Rc2 30. h3 Rd2 31. Qf5 g6 32. Qc8+ Kg7 33. Qc1 Rc2
34. Qb1 Qd3 35. Nc3 Nxc3 36. bxc3 Qd2 0-1

[Event "X Abierto Constitucion "]
[Site "San Sebastian de los Reyes "]
[Date "2008.12.06"]
[Round "7.6"]
[White "Vazquez Gonzalez, Jesus"]
[Black "Garcia Fernandez, Carlos"]
[Result "0-1"]
[WhiteElo "2071"]
[BlackElo "2396"]
[PlyCount "118"]
[EventDate "2008.11.30"]

1. e4 d6 2. d4 Nf6 3. Nc3 e5 4. dxe5 dxe5 5. Qxd8+ Kxd8 6. Bc4 Be6 7. Bxe6 fxe6
8. Nge2 Nc6 9. Bg5 Bd6 10. O-O-O a6 11. f4 exf4 12. Nxf4 Ke7 13. Nd3 Ne5 14. h3
h6 15. Bh4 Raf8 16. Rhf1 g5 17. Bf2 Nfd7 18. Bg1 Ng6 19. Bd4 Nde5 20. Kb1 Rhg8
21. Nxe5 Nxe5 22. Ne2 Ng6 23. c4 b6 24. g3 Ne5 25. Bxe5 Bxe5 26. g4 h5 27. gxh5
Rxf1 28. Rxf1 Rh8 29. a4 Rxh5 30. Rf3 Rh4 31. Re3 Kf6 32. a5 bxa5 33. c5 Bf4
34. Rd3 Bh2 35. Nc3 c6 36. Ka2 Bg1 37. Rd6 Bxc5 38. Rxc6 Bb4 39. Nd5+ Ke5 40.
Nc7 Bd6 41. Ne8 Bb4 42. Nc7 Rxh3 43. Rxe6+ Kf4 44. Nd5+ Kf3 45. Nxb4 axb4 46.
Rxa6 Kf4 47. Ra4 b3+ 48. Ka3 Re3 49. Rb4 Rxe4 50. Rb8 Re3 51. Rf8+ Kg3 52. Kb4
g4 53. Kc4 Kh3 54. Kd4 Rf3 55. Rb8 Kg2 56. Ke4 g3 57. Rb7 Kf2 58. Rd7 Re3+ 59.
Kf4 g2 0-1

[Event "X Abierto Constitucion "]
[Site "San Sebastian de los Reyes "]
[Date "2008.12.06"]
[Round "7.8"]
[White "Elissalt Cardenas, Hector"]
[Black "Suarez Uriel, Adrian"]
[Result "0-1"]
[WhiteElo "2314"]
[BlackElo "2123"]
[PlyCount "48"]
[EventDate "2008.11.30"]

1. d4 d5 2. Nf3 e6 3. Nbd2 f5 4. h3 Bd6 5. e3 Nd7 6. c4 c6 7. g4 Nh6 8. Bd3 Qe7
9. Qc2 O-O 10. b3 e5 11. dxe5 Nxe5 12. Bb2 Nxd3+ 13. Qxd3 fxg4 14. hxg4 Bxg4
15. Rxh6 gxh6 16. O-O-O Ba3 17. Rg1 Bxb2+ 18. Kxb2 h5 19. Qd4 dxc4 20. Ne5 Rad8
21. Qxc4+ Kh8 22. Nd3 Rxf2 23. Kb1 Qxe3 24. Nxf2 Rxd2 0-1

[Event "X Abierto Constitucion "]
[Site "San Sebastian de los Reyes "]
[Date "2008.12.06"]
[Round "7.9"]
[White "Ramos Aldoradin, John Paul"]
[Black "Castejon Caballero, Natalia"]
[Result "1-0"]
[WhiteElo "2102"]
[BlackElo "2084"]
[PlyCount "81"]
[EventDate "2008.11.30"]

1. e4 c5 2. Nf3 d6 3. Bb5+ Bd7 4. Bxd7+ Qxd7 5. c4 Nc6 6. Nc3 g6 7. d4 cxd4 8.
Nxd4 Bg7 9. Be3 Nf6 10. f3 O-O 11. O-O Rac8 12. b3 a6 13. a4 Qc7 14. Qe2 Qa5
15. Rac1 Nd7 16. Rfd1 Nc5 17. Nd5 Nxd4 18. Nxe7+ Kh8 19. Rxd4 Rce8 20. b4 Qxb4
21. Nd5 Qxa4 22. Rdd1 Qc6 23. Qf2 Ne6 24. Qh4 Qd7 25. Nf6 Bxf6 26. Qxf6+ Ng7
27. Bd4 Rg8 28. Ba1 Re6 29. Qd4 Qe7 30. c5 dxc5 31. Rxc5 f6 32. Rd5 Rc6 33. Kh1
h5 34. Qd2 Kh7 35. Rd7 Qc5 36. Rxb7 Rgc8 37. Rd7 Qf8 38. e5 f5 39. e6 R6c7 40.
Bxg7 Rxd7 41. Qxd7 1-0

[Event "X Abierto Constitucion "]
[Site "San Sebastian de los Reyes "]
[Date "2008.12.06"]
[Round "7.11"]
[White "Anton Veiga, Juan Carlos"]
[Black "Minguela Muñoz, Bienvenido"]
[Result "1/2-1/2"]
[WhiteElo "2144"]
[BlackElo "1926"]
[PlyCount "53"]
[EventDate "2008.11.30"]

1. e4 c5 2. Nf3 d6 3. d4 cxd4 4. Nxd4 Nf6 5. Nc3 a6 6. Be3 Nc6 7. Nb3 e6 8. Qd2
b5 9. f3 Ne5 10. Rd1 Nc4 11. Bxc4 bxc4 12. Nd4 Bb7 13. O-O Be7 14. Nde2 O-O 15.
Kh1 Qc7 16. Nf4 Rad8 17. Qf2 Rd7 18. Rd2 d5 19. exd5 e5 20. Nfe2 Nxd5 21. Nxd5
Rxd5 22. Rxd5 Bxd5 23. Nc3 Bb7 24. Rd1 Rd8 25. Qe2 Rxd1+ 26. Qxd1 Qc6 27. h3
1/2-1/2

[Event "X Abierto Constitucion "]
[Site "San Sebastian de los Reyes "]
[Date "2008.12.06"]
[Round "7.12"]
[White "Ruiz Quevedo, Andres"]
[Black "Vukotic Jovsic, Dragan"]
[Result "0-1"]
[WhiteElo "1903"]
[BlackElo "2066"]
[PlyCount "42"]
[EventDate "2008.11.30"]

1. c4 g6 2. Nf3 c5 3. g3 Nc6 4. Bg2 Bg7 5. O-O e6 6. d3 Nge7 7. Na3 O-O 8. Rb1
d5 9. Nc2 a5 10. Na3 Nb4 11. Ra1 Bd7 12. Nc2 Ba4 13. Nfe1 dxc4 14. Bxb7 Rb8 15.
Bf3 cxd3 16. exd3 Bxc2 17. Nxc2 Nxd3 18. Bg5 Re8 19. Bc6 f6 20. Bxe8 fxg5 21.
Qf3 Ne5 0-1

[Event "X Abierto Constitucion "]
[Site "San Sebastian de los Reyes "]
[Date "2008.12.06"]
[Round "7.13"]
[White "Pareja Alvarez, Diego"]
[Black "Esquivias Gomez, Fco. Javier"]
[Result "0-1"]
[WhiteElo "1866"]
[BlackElo "2048"]
[PlyCount "106"]
[EventDate "2008.11.30"]

1. f4 d5 2. Nf3 Nf6 3. g3 g6 4. Bg2 Bg7 5. O-O O-O 6. d3 c5 7. Qe1 d4 8. e4
dxe3 9. Qxe3 Ng4 10. Qe2 Nc6 11. h3 Nd4 12. Nxd4 Bxd4+ 13. Kh1 Nh6 14. c3 Bg7
15. Be3 Nf5 16. Kh2 h5 17. Bxc5 h4 18. gxh4 Bf6 19. Be4 Bxh4 20. Bf2 Bf6 21.
Nd2 Kg7 22. Kg2 Rh8 23. Rh1 Qc7 24. Qf3 Rh4 25. Bg3 Nxg3 26. Qxg3 Rxf4 27. Raf1
Be5 28. Rxf4 Bxf4 29. Qf2 f5 30. Bd5 e6 31. Bf3 e5 32. Nb3 Be6 33. Nc5 Bf7 34.
Bxb7 Rd8 35. Rf1 Bg5 36. Re1 e4 37. dxe4 Rd2 38. Re2 Rxe2 39. Qxe2 Qxc5 40.
exf5 Bd5+ 41. Bxd5 Qxd5+ 42. Kg3 Qxf5 43. Qc4 Qe5+ 44. Kg4 Bf6 45. Qc6 Qe2+ 46.
Qf3 Qxb2 47. a4 Bxc3 48. Qd3 Qb4+ 49. Kf3 Qd4 50. Qb5 Qd1+ 51. Kg2 Qc2+ 52. Kh1
Qe4+ 53. Kg1 Bd4+ 0-1